Massage thư giãn và trị bệnh

Sparad:
Bibliografiska uppgifter
Huvudupphovsman: Kavanagh, Wendy
Materialtyp: Bok
Språk:Undetermined
Publicerad: Thành phố Hồ Chí Minh Mỹ thuật 2010
Ämnen:
Taggar: Lägg till en tagg
Inga taggar, Lägg till första taggen!
Thư viện lưu trữ: Trung tâm Học liệu Trường Đại học Cần Thơ
LEADER 00599nam a2200193Ia 4500
001 CTU_161090
008 210402s9999 xx 000 0 und d
020 |c 25000 
082 |a 615.882 
082 |b K11 
100 |a Kavanagh, Wendy 
245 0 |a Massage thư giãn và trị bệnh 
245 0 |c Wendy Kawanagh; Biên dịch Nguyễn Thị Hường 
260 |a Thành phố Hồ Chí Minh 
260 |b Mỹ thuật 
260 |c 2010 
650 |a Massage therapy,Xoa bóp trị liệu 
910 |a Nguyên 
980 |a Trung tâm Học liệu Trường Đại học Cần Thơ